000 00727cam a22002293a 4500
001 11307
003 PGUSA
005 20140828083235.0
008 040201s2004||||xxu|||||s|||||000 | eng d
040 _aPGUSA
_beng
042 _adc
050 4 _aBS
100 1 _aZamenhof, L. L.
_q(Ludwik Lejzer),
_d1859-1917
245 1 0 _aEl la Biblio :
_bElektitaj ĉapitroj de la Psalmaro, Sentencoj de Salomono kaj Predikanto
_h[electronic resource] /
_cL. L. Zamenhof
260 _bProject Gutenberg,
_c2004
506 _aPublic domain in the USA.
516 _aElectronic text
653 _aBible. Old Testament -- Selections
830 0 _aProject Gutenberg
_v11307
856 4 0 _uhttp://www.gutenberg.org/ebooks/11307
942 _cEB
999 _c240562
_d240562